Fifty years of Mesopotamian discovery : the work of the British School of Archaeology in Iraq, 1932-1982 /

محفوظ في:

مؤلف مشترك: British School of Archaeology in Iraq.

مؤلفون آخرون: Curtis, John, 1946-, Lloyd, Seton.

التنسيق: كتاب

اللغة: English

منشور في: London : British School of Archaeology in Iraq, c1982.

الموضوعات:

الوسوم: إضافة وسم

لا توجد وسوم, كن أول من يضع وسما على هذه التسجيلة!

رقم الطلب: DS70 .F54 1982

LEADER 01011nam a2200289 a 4500
001 2555
003 OSt
005 20260204100845.0
008 130303s1982 enkaf 000 0 eng d
010 |a 83160538 
020 |a 0903472058 
040 |c ARCE Library 
043 |a a-iq---  |a a-sy---  |a e-uk--- 
050 4 |a DS70 .F54 1982  
245 0 0 |a Fifty years of Mesopotamian discovery :   |b the work of the British School of Archaeology in Iraq, 1932-1982 /   |c with an introduction by Seton Lloyd ; edited by John Curtis. 
264 1 |a London :  |b British School of Archaeology in Iraq,  |c c1982. 
300 |a 123 pages, [8] pages of plates :  |b illustrations ;  |c 25 cm. 
650 0 |a Excavations (Archaeology)  |z Iraq. 
650 0 |a Excavations (Archaeology)  |z Syria. 
651 0 |a Iraq  |x Antiquities. 
651 0 |a Syria   |x Antiquities. 
700 1 |a Curtis, John,   |d 1946- 
700 1 |a Lloyd, Seton. 
710 2 |a British School of Archaeology in Iraq. 
901 |a reviewed 
942 |c BK  |2 lcc 
999 |c 6316  |d 6316